000 00298nam a2200121Ia 4500
008 210210b1931 xxu||||| |||| 00| 0 eng d
082 _a536/78
100 _aLODGE (Oliver)
245 _aAtoms and rays
260 _aLondon
_bErnest Benn Limited
_c1931
690 _aModern Physics
906 _a008876
999 _c126692
_d126692